=LDR 00000nam 2200000 4500 =001 NUTBA000000000001065 =005 20140410174029.0 =006 =007 =008 =020 ##$$a 978-979-769-409-5 =035 ##$$0010-041400000000335 =040 ##$$a Ind =082 ##$$a 796.069 =090 ##$$a 796.069$bHar p =100 ##$$a Harsuki =245 ##$$a Pengantar manajemen olah raga$cHarsuki =250 ##$$a Ed.2 =260 ##$$a Jakarta$bRajawali press$c2013. =300 ##$$a Xiv,291 Hlm$bIlus$c21 cm. =850 ##$$a NBPNMAT =990 ##$$a 21303388 =990 ##$$a 93381/BPAP-NTB/2014 =990 ##$$a 21194789/BPAP-NTB/2014 =990 ##$$a 2090101461/BPAP-NTB/2015 =990 ##$$a 0051/BPAP-NTB/2016